[One Piece] Mort subite - Membres de la Marine - Statistiques

Statistiques générales
  • Ce quiz a été pris 961 fois
  • Le résultat moyen est 7 sur 15
Answers on the Grid
Answers color-coded by a green-red scale on the quiz's grid according to % correct below.
Monkey D. Dragon
Kobby
Sengoku
Don Quichotte Rossinante
Momousagi
Akainu
Issho
Jango
Momonga
Haguar D. Sauro
Portgas D. Ace
Emporio Ivankov
Rob Lucci
Charlotte Brûlée
Monkey D. Luffy
Alvida
Don Krieg
Kakukaku
Crocodile
Hack
Paulie
Urouge
Morgans
Izo
Marco
Peeply Lulu
Rokkaku
Vegapunk
Vergo
Kuzan
 
Statistiques - réponses
Réponse % Correct
Akainu
73%
Kobby
72%
Sengoku
72%
Kuzan
68%
Haguar D. Sauro
55%
Vergo
51%
Rob Lucci
50%
Don Quichotte Rossinante
49%
Momonga
45%
Issho
43%
Jango
43%
Vegapunk
38%
Momousagi
18%
Rokkaku
17%
Monkey D. Dragon
15%
Aucun quiz correspondant
Distribution des résultats
% des personnes avec chaque résultat
Percentile par nombre de réponses
Votre historique - résultats
Vous n’avez pas pris ce quiz